| 000 | 00765nam a2200217Ii 4500 | ||
|---|---|---|---|
| 003 | JO-AjNU | ||
| 008 | 230605s9999||||xx |||||||||||||| ||und|| | ||
| 017 | _a1988/10/620 | ||
| 040 |
_aJO-AjNU _bara _erda _cJO-AjNU |
||
| 041 | _aara | ||
| 050 | 1 | 4 | _aKMM460.Q84.1988 |
| 100 | 3 |
_aالقضاة ، مفلح عواد, _eauthor _946596 |
|
| 245 | 0 | 0 | _aأصول المحاكمات المدنية والتنظيم القضائي في الأردن |
| 250 | _aط1 | ||
| 264 | 3 | 1 | _aعمان : محمد مفلح القضاة ، 1988 |
| 300 | _a410ص | ||
| 336 |
_atext _btxt _2rdacontent |
||
| 337 |
_aunmediated _bn _2rdamedia |
||
| 338 |
_avolume _bnc _2rdacarrier |
||
| 650 | 4 |
_aالقانون المدني -- المحاكمات المدنية -- الاردن _946597 |
|
| 999 |
_aA20283 _c23851 _d23851 |
||